Estudio práctico-teórico de la lengua latina. Ejercicios y temas dispuestos con un método nuevo que facilitan y completan aquel estudio

Gespeichert in:
Bibliographische Detailangaben
1. Verfasser: Albericio y Azagra, Ignacio
Weitere Verfasser: Turiasonense. Impresor
Format: keine Angabe
Sprache:Spanisch
Erschienen: Tarazona s n (Imprenta y librería Turiasonense) TI: 1888, TII. 1889
Katalog:MANES:  Suchergebnis im Bibliothekskatalog
Schulbuchspezifische Eigenschaften:
Tags: Tag hinzufügen
Keine Tags, Fügen Sie den ersten Tag hinzu!
Hinzugefügt zu:26.04.2016
Geändert in:30.01.2026

MARC

LEADER 000000000a22000000004500
001 34385
003 OSt
005 20260130100429.0
008 160427s sp ||||| |||| 00| 0 spa d
040 |a manes  |c manes 
041 |a Español 
100 1 |a Albericio y Azagra, Ignacio  |9 19950 
690 |a LC 
700 1 |a Turiasonense. Impresor  |9 19951 
245 0 0 |a Estudio práctico-teórico de la lengua latina. Ejercicios y temas dispuestos con un método nuevo que facilitan y completan aquel estudio 
260 3 |a Tarazona  |b s n (Imprenta y librería Turiasonense)  |c TI: 1888, TII. 1889 
300 |a T. I: 416 p., T. II: 423 p.  |c 15 cm 
330 |a 2 v. 
500 |a Signatura T31/20-21. Rústica. Falta el T. III 
691 0 |a SE 
942 |2 ddc  |c BK 
546 |a España 
999 |c 41383  |d 41383 
999 |c manes:41383  |d 41383